Ballon d'or france football - Statistiques

Statistiques générales
  • Ce quiz a été pris 806 fois
    779 depuis la dernière actualisation
  • Le résultat moyen est 13 sur 20
Answers on the Grid
Answers color-coded by a green-red scale on the quiz's grid according to % correct below.
kopa
yachine
mbappe
zidane
ribery
cristiano ronaldo
kane
rodri
neymar
maldini
benzema
chevtchenko
weah
baggio
platini
ronaldinho
di stefano
matthews
eusebio
robben
best
muller
cruyff
beckenbauer
rijkaard
beckham
papin
lampard
iniesta
luis figo
 
Statistiques - réponses
Réponse % Correct
zidane
91%
cristiano ronaldo
88%
rodri
84%
benzema
75%
yachine
75%
kopa
71%
ronaldinho
70%
platini
68%
cruyff
66%
chevtchenko
63%
weah
63%
luis figo
59%
papin
59%
beckenbauer
58%
di stefano
56%
eusebio
53%
best
51%
muller
47%
baggio
46%
matthews
40%
Aucun quiz correspondant
Distribution des résultats
% des personnes avec chaque résultat
Percentile par nombre de réponses
Votre historique - résultats
Vous n’avez pas pris ce quiz depuis la dernière actualisation